000 00465nam a22001697a 4500
005 20260312130652.0
008 260312b |||||||| |||| 00| 0 eng d
037 _cDSWL
040 _aDSWL
_cDSWL
041 _heng
100 _aLamba, Yukti
245 _aSocietal response to child pronography
260 _aDelhi,
_bDepartment of Social Work,
_c2016
300 _a86p
942 _2CC
_cDIS
_n0
999 _c1715239
_d1715239